Instrument Acronyms - Statistics

General Stats
  • This quiz has been taken 10 times
  • The average score is 28 of 64
Answer Stats
Hint Answer % Correct
ADIRU Air Data Inertial Reference Unit
67%
ASI Air Speed Indicator
67%
CVR Cockpit Voice Recorder
67%
DME Distance Measuring Equipment
67%
EICAS Engine Indication and Crew Alerting System
67%
FMS Flight Management System
67%
FADEC Full Authority Digital Engine Control
67%
GPWS Ground Proximity Warning System
67%
HUD Heads Up Display
67%
INS Inertial Navigation System
67%
IRS Inertial Reference System
67%
IRU Inertial Reference Unit
67%
PFD Primary Flight Display
67%
RADALT Radio Altimeter
67%
SAT Static Air Temperature
67%
TAT Total Air Temperature
67%
TCAS Traffic Collision Avoidance System
67%
AHRS Attitude and Heading Reference System
50%
AI Attitude Indicator
50%
CRT Cathode Ray Tube
50%
CWS Control Wheel Steering
50%
DG Directional Gyroscope
50%
DRC Direct Reading Compass
50%
EVS Enhanced Vision System
50%
FDR Flight Data Recorder
50%
FMC Flight Management Computer
50%
FMA Flight Mode Annunciator
50%
MCP Mode Control Panel
50%
RRC Remote Reading Compass
50%
SVS Synthetic Vision System
50%
TWS Touch Wheel Steering
50%
VSI Vertical Speed Indicator
50%
ADC Aircraft Data Computer
33%
ALU Arithmetic Logic Unit
33%
AFCS Automatic Flight Control System
33%
APFDS Autopilot Flight Director System
33%
APFDSCP Auto Pilot Flight Director System Control Panel
33%
CVS Combined VIsion System
33%
CPDLC Controller Pilot Data Link Communication
33%
CI Cost Index
33%
DFDR Digital Flight Data Recorder
33%
EFIS Electronic Flight Instrument System
33%
EGPWS Enhanced Ground Proximity Warning System
33%
FEP Flight Envelope Protection
33%
FANS Future Air Navigation Systems
33%
HSI Horizontal Situation Indicator
33%
IVSI Instantaneous Vertical Speed Indicator
33%
ISIS Integrated Standby Instrument System
33%
LRU Line Replaceable Unit
33%
MCDU Mode Control Display Unit
33%
RMI Radio Magnetic Indicator
33%
VOR VHF Omnidirectional Range
33%
AMLCD Active Matrix Liquid Crystal Displays
17%
ACARS Aircraft Communications Addressing and Reporting System
17%
AFN Air Traffic Facilities Notification
17%
ADI Attitude Director Indicator
17%
ADS Automatic Dependent Surveillance
17%
ECAM Electronic Central Aircraft Monitoring
17%
FLTA Forward Looking Terrain Avoidance
17%
GNSS Global Navigation Satellite Systems
17%
LVDT Linear Variable Differential Transformer
17%
MEMS Micro Electrical Mechanical System
17%
MFP Multi Function Probes
17%
SWS Stall Warning System
17%
No matching quizzes found
Score Distribution
Percent of People with Each Score
Percentile by Number Answered
Your Score History
You have not taken this quiz